000 00510nam a2200181 a 4500
005 20210219152943.0
008 991125n 000 0 u
035 _aUPN01000068649
222 _aCOMUNICACION EDUCATIVA SEP
245 _aCONALEP prepara a microindustriales
300 _a3
362 _a1988 Año 5, no. 54 mar.
653 0 _aCOLEGIO NACIONAL DE EDUCACION PROFESIONAL TECNICA (MEXICO)
653 0 _aEDUCACION TÉCNICA
653 0 _aINDUSTRIA
904 _aAC
_b006460
905 _aArticulo
999 _c64647
_d64647